00514nam a22001577a 4500003000400000082001600004245008800020260006800108300001400176546001200190650001500202650002900217650003700246650003500283650003800318OSt a630bGOI/RE aReport of the national commission on agriculture 1976:bpart v resource development aNew DelhibController of publications,Government of Indiac1976 axii,344p. aEnglish aIrrigation aCommand area development aLand reclamation and development aSoil and moisture conservation aElectricity in rural development